مكتبة جامعة عجلون الوطنية

فهرس بحث المكتبة

Accounting theory : text and readings / (Record no. 33474)

MARC details
000 -LEADER
fixed length control field 00701nam a22002057a 4500
003 - CONTROL NUMBER IDENTIFIER
control field JO-AjAnu
005 - DATE AND TIME OF LATEST TRANSACTION
control field 20240429120241.0
008 - FIXED-LENGTH DATA ELEMENTS--GENERAL INFORMATION
fixed length control field 240429b jo ||||| |||| 00| 0 ara d
040 ## - CATALOGING SOURCE
Original cataloging agency JO-AjAnu
Language of cataloging eng
Transcribing agency JO-AjAnu
Modifying agency JO-AjAnu
041 #0 - LANGUAGE CODE
Language code of text/sound track or separate title eng
Language code of original eng
100 #1 - MAIN ENTRY--PERSONAL NAME
Personal name Schroeder,Richard G
Relator term Prepared
9 (RLIN) 3141
245 #0 - TITLE STATEMENT
Title Accounting theory : text and readings /
Statement of responsibility, etc. edited by Richard G. Schroeder, Levis D. McCullers, Myrtle Clark
250 ## - EDITION STATEMENT
Edition statement 3rd Edition
260 ## - PUBLICATION, DISTRIBUTION, ETC.
Place of publication, distribution, etc. New York :
Name of publisher, distributor, etc. Wiley
Date of publication, distribution, etc. 1987
300 ## - PHYSICAL DESCRIPTION
Extent 739 page
650 70 - SUBJECT ADDED ENTRY--TOPICAL TERM
Topical term or geographic name entry element . Accounting - Problems, exercises etc
9 (RLIN) 65397
Form subdivision Accounting
700 #1 - ADDED ENTRY--PERSONAL NAME
Personal name McCullers, Levis D
Relator term PREPARED
9 (RLIN) 65398
700 #1 - ADDED ENTRY--PERSONAL NAME
Personal name Clark, Myrtle
Relator term prepared
9 (RLIN) 65399
942 ## - ADDED ENTRY ELEMENTS (KOHA)
Source of classification or shelving scheme Library of Congress Classification
Koha item type Books
Suppress in OPAC No
Holdings
Withdrawn status Lost status Source of classification or shelving scheme Damaged status Not for loan Home library Current library Date acquired Total Checkouts Full call number Barcode Date last seen Price effective from Koha item type
    Library of Congress Classification     مكتبة جامعة عجلون الوطنية مكتبة جامعة عجلون الوطنية 29/04/2024   HF5625.A25 1987 e3582 29/04/2024 29/04/2024 Books